Top 10 Países que Producen la Mayor Cantidad de Manzanas - Estadísticas

Estadísticas generales
  • Esta prueba ha sido intentada 302 veces
  • La puntuación promedio es 7 de 10
Estadísticas de respuestas
Toneladas País % Correcto
4,467,206 Estados Unidos
95%
45,983,400 China
92%
1,633,080 Francia
81%
2,216,200 Rusia
80%
2,276,000 India
79%
2,211,740 Italia
72%
4,493,264 Turquía
47%
1,556,805 Chile
44%
4,067,400 Polonia
38%
2,241,100 Irán
33%
No se encontraron pruebas coincidentes
Distribución de puntuación
Porcentaje de gente con cada puntuación
Porcentaje por número respondido
Historial de tus puntuaciones
No has intentado esta prueba.